000
00388nam a2200133Ia 4500
008
151001s9999||||xx |||||||||||||| ||und||
100
_a
दिनकर काकडे
245
_a
आला रे आला टारझन आला
250
_a
1
260
_b
"परी प्रकाशन,कोल्हापूर "
260
_c
2013
300
_a
191
365
_b
24
999
_c
1000348
_d
1000345